00724 2200229 4500001002100000005001700021008004100038020001800079035002500097090002000122100002000142245009800162250001500260260002700275300002900302500006400331650003200395700002100427850001200448990001700460990001700477YOGYA-0209000000025520150323160626.0 ind  a979-532-589-8 a0010-020900000000255 aR 004.03bKee K aKEEN, Peter G.W aKamus istilah teknologi informasi bagi manajercPeter G.W. Keen ; penterjemah Rahmad Herutomo aEd.1,cet.1 aYogyakartabAndic2000 avi, 233 hlmbilusc23 cm aJudul asli : Every manager's guide to informatin technology aTeknologi Informasi - kamus aHerutomo, Rahmad aYOPDYOG a2138-PN/P.01 a4494-PN/B.01